Food and Masculinity in Contemporary Autobiographies Cast-Iron Man /

This book is concerned with food autobiographies written by men from the 1980s to the present. It concentrates on how food has transformed autobiographical narratives and how these define the ways men eat and cook nowadays. After presenting a historical overview of the place of food within men´s aut...

Πλήρης περιγραφή

Λεπτομέρειες βιβλιογραφικής εγγραφής
Κύριος συγγραφέας: Pascual Soler, Nieves (Συγγραφέας, http://id.loc.gov/vocabulary/relators/aut)
Συγγραφή απο Οργανισμό/Αρχή: SpringerLink (Online service)
Μορφή: Ηλεκτρονική πηγή Ηλ. βιβλίο
Γλώσσα:English
Έκδοση: Cham : Springer International Publishing : Imprint: Palgrave Macmillan, 2018.
Έκδοση:1st ed. 2018.
Σειρά:Palgrave Studies in Life Writing
Θέματα:
Διαθέσιμο Online:Full Text via HEAL-Link
LEADER 02921nam a2200481 4500
001 978-3-319-70923-9
003 DE-He213
005 20191024011725.0
007 cr nn 008mamaa
008 171214s2018 gw | s |||| 0|eng d
020 |a 9783319709239  |9 978-3-319-70923-9 
024 7 |a 10.1007/978-3-319-70923-9  |2 doi 
040 |d GrThAP 
050 4 |a PN695-779 
072 7 |a DSBH  |2 bicssc 
072 7 |a LIT024000  |2 bisacsh 
072 7 |a DSBH  |2 thema 
082 0 4 |a 809  |2 23 
100 1 |a Pascual Soler, Nieves.  |e author.  |4 aut  |4 http://id.loc.gov/vocabulary/relators/aut 
245 1 0 |a Food and Masculinity in Contemporary Autobiographies  |h [electronic resource] :  |b Cast-Iron Man /  |c by Nieves Pascual Soler. 
250 |a 1st ed. 2018. 
264 1 |a Cham :  |b Springer International Publishing :  |b Imprint: Palgrave Macmillan,  |c 2018. 
300 |a IX, 126 p.  |b online resource. 
336 |a text  |b txt  |2 rdacontent 
337 |a computer  |b c  |2 rdamedia 
338 |a online resource  |b cr  |2 rdacarrier 
347 |a text file  |b PDF  |2 rda 
490 1 |a Palgrave Studies in Life Writing 
505 0 |a 1. Food in Autobiographies Written by Men -- 2. Authentic Chef-Heroes -- 3. The Cook-as-Criminal Autobiography -- 4. Hunting Chefs -- 5. Conclusion. 
520 |a This book is concerned with food autobiographies written by men from the 1980s to the present. It concentrates on how food has transformed autobiographical narratives and how these define the ways men eat and cook nowadays. After presenting a historical overview of the place of food within men´s autobiography, this volume analyzes the reasons for our present interest in food and the proliferation of life narratives focused on cooking. Then it centers around the identities that male chefs are taking on in the writing of their lives and the generic models they use: the heroic, the criminal and the hunting autobiographical scripts. This study gives evidence that autobiographies are crucial in the redefinition of the new masculinities emerging in the kitchen.  It will appeal to readers interested in Food Studies, Autobiographical Studies, Men's Studies and American Literature and Culture. 
650 0 |a Literature, Modern-20th century. 
650 0 |a Literature, Modern-21st century. 
650 1 4 |a Contemporary Literature.  |0 http://scigraph.springernature.com/things/product-market-codes/815000 
650 2 4 |a Twentieth-Century Literature.  |0 http://scigraph.springernature.com/things/product-market-codes/822000 
710 2 |a SpringerLink (Online service) 
773 0 |t Springer eBooks 
776 0 8 |i Printed edition:  |z 9783319709222 
776 0 8 |i Printed edition:  |z 9783319709246 
776 0 8 |i Printed edition:  |z 9783319890135 
830 0 |a Palgrave Studies in Life Writing 
856 4 0 |u https://doi.org/10.1007/978-3-319-70923-9  |z Full Text via HEAL-Link 
912 |a ZDB-2-LCM 
950 |a Literature, Cultural and Media Studies (Springer-41173)